Účetníctví v průmyslovém podniku

Enregistré dans:
Détails bibliographiques
Auteur principal: Báča, Jaromír
Format: Livre
Langue:tchèque
Publié: Praha Stát. nakl. techn. lit. 1989
Édition:2. přeprac. vyd.
Tags: Ajouter un tag
Pas de tags, Soyez le premier à ajouter un tag!

MARC

LEADER 00000nam a2200000 4500
001 c029848
005 20221215120907.7
041 0 |a cze 
044 |a CZ 
245 1 0 |a Účetníctví v průmyslovém podniku  |c Jaromír Báča a kol. 
250 |a 2. přeprac. vyd. 
264 1 |a Praha  |b Stát. nakl. techn. lit.  |c 1989 
300 |a 343 s. 
100 1 |a Báča, Jaromír